| 000 | 00407nam a2200145Ia 4500 | ||
|---|---|---|---|
| 008 | 150201s2006 xx 000 0 und d | ||
| 082 |
_a617.6 _bO2006M |
||
| 100 | _aMITCHELL,DAVID A. | ||
| 245 | _aOXFORD HAND BOOK OF CLINICAL DENTISTRY | ||
| 250 | _a4TH | ||
| 260 |
_bOXFORD UNIVERSITY PRESS _aOXFORD (LONDON) _c2006 |
||
| 300 | _a1-790 | ||
| 650 | _aCONSERVATIVE DENTISTRY & ENDODONTICS | ||
| 942 |
_2ddc _cBK |
||
| 999 |
_c3595 _d3595 |
||